000 00770nam a2200205Ii 4500
003 JO-AjNU
008 230605s9999||||xx |||||||||||||| ||und||
017 _a2015/7/3174
040 _aJO-AjNU
_bara
_erda
_cJO-AjNU
041 _aara
050 1 4 _aBP180.5.D45.A6733 2015
100 3 _aالعقاد، عباس محمود,
_eauthor
_961080
245 0 0 _aالديمقراطية في الاسلام
264 3 1 _aعمان: وزارة الثقافه، 2015
300 _a178ص
_bمكتبة الاسرة، مهرجان القراءة للجميع/ الاردن-عمان-وزارة الثقافة
336 _atext
_btxt
_2rdacontent
337 _aunmediated
_bn
_2rdamedia
338 _avolume
_bnc
_2rdacarrier
650 4 _aالاسلام- الديمقراطية
_961081
999 _aA27586
_c31154
_d31154